[Event "Rome Accademia Winter"]
[Site "Rome"]
[Date "2010.02.14"]
[Round "5"]
[White "Failli, Riccardo"]
[Black "Granitto, Francesco"]
[Result "1-0"]
[WhiteElo "2040"]
[BlackElo "1425"]
[PlyCount "74"]
[EventDate "2010.02.12"]
[EventType "swiss"]
[EventRounds "5"]
[EventCountry "ITA"]
[SourceTitle "EXT 2024"]
[Source "ChessBase"]
[SourceDate "2023.10.10"]
[SourceVersion "1"]
[SourceVersionDate "2023.10.10"]
[SourceQuality "1"]

1. e4 c5 2. Nf3 Nc6 3. d4 cxd4 4. Nxd4 g6 5. Be3 Bg7 6. Nc3 Nf6 7. Be2 0-0 8. Nb3 d6 9. 0-0 Ne5 10. Rb1 Be6 11. f4 Neg4 12. Bd4 h5 13. Kh1 a6 14. h3 Nh6 15. Bf3 Ne8 16. Bxg7 Kxg7 17. f5 gxf5 18. Bxh5 Nf6 19. Nd4 Qd7 20. Qf3 f4 21. Nd5 Nxd5 22. exd5 Bf5 23. Qxf4 Bxh3 24. Qg3+ Bg4 25. Rf4 Rh8 26. Ne6+ fxe6 27. Rxg4+ Nxg4 28. Qxg4+ Kf6 29. Rf1+ Ke5 30. Qg5+ Kd4 31. Rf4+ Kc5 32. dxe6+ Kc6 33. Rc4+ Kb6 34. exd7 Rh7 35. Rc8 Rh8 36. Qe3+ Ka5 37. Qc3+ Kb6 1-0

[Event "Rome Accademia Winter"]
[Site "Rome"]
[Date "2010.02.12"]
[Round "1"]
[White "Granitto, Francesco"]
[Black "Ottaviani, Gianluca"]
[Result "0-1"]
[WhiteElo "1425"]
[BlackElo "1914"]
[PlyCount "56"]
[EventDate "2010.02.12"]
[EventType "swiss"]
[EventRounds "5"]
[EventCountry "ITA"]
[SourceTitle "EXT 2024"]
[Source "ChessBase"]
[SourceDate "2023.10.10"]
[SourceVersion "1"]
[SourceVersionDate "2023.10.10"]
[SourceQuality "1"]

1. e4 c5 2. Nf3 d6 3. Bc4 e6 4. d4 cxd4 5. Nxd4 Nf6 6. Nc3 a6 7. Bg5 Be7 8. a3 Qc7 9. Bb3 Nc6 10. 0-0 Bd7 11. Qd3 Nxd4 12. Qxd4 Rc8 13. Rfe1 Qc5 14. Qd2 Bc6 15. Rad1 0-0 16. h3 Rfe8 17. Kf1 Rcd8 18. Qd4 Qxg5 19. Rd3 Qc5 20. Qxc5 dxc5 21. Rxd8 Rxd8 22. e5 Nd5 23. Ne4 Nf4 24. f3 Bxe4 25. Rxe4 g5 26. Bc4 Rd1+ 27. Kf2 Rd2+ 28. Be2 Rxc2 0-1

[Event "Rome Elo op 4th"]
[Site "Rome"]
[Date "2009.06.17"]
[Round "7"]
[White "Granitto, Francesco"]
[Black "Mazza, Maurizio"]
[Result "0-1"]
[WhiteElo "1416"]
[BlackElo "1697"]
[PlyCount "60"]
[EventDate "2009.05.06"]
[EventType "swiss"]
[EventRounds "7"]
[EventCountry "ITA"]
[SourceTitle "EXT 2011"]
[Source "ChessBase"]
[SourceDate "2010.11.26"]
[SourceVersion "1"]
[SourceVersionDate "2010.11.26"]
[SourceQuality "1"]

1. e4 e5 2. Nf3 Nc6 3. Bc4 Bc5 4. 0-0 Nf6 5. Re1 d6 6. c3 Bg4 7. d3 0-0 8. Be3 Bb6 9. Nbd2 Bh5 10. b4 Bxe3 11. fxe3 d5 12. exd5 Nxd5 13. Qb3 Nde7 14. Rf1 Bg6 15. Ng5 Bxd3 16. Bxf7+ Kh8 17. Rf2 Qd6 18. Rd1 Nf5 19. Nc4 Qf6 20. Rxd3 Qxg5 21. e4 Rxf7 22. Rxf5 Rxf5 23. exf5 e4 24. Rg3 Qc1+ 25. Kf2 Rf8 26. Ne3 Qd2+ 27. Kf1 Ne5 28. Qe6 Nd3 29. Kg1 Qe1+ 30. Nf1 Qf2+ 0-1

[Event "Rome Elo op 4th"]
[Site "Rome"]
[Date "2009.05.27"]
[Round "4"]
[White "Granitto, Francesco"]
[Black "Capitani, Roberto"]
[Result "1-0"]
[WhiteElo "1416"]
[BlackElo "1596"]
[PlyCount "92"]
[EventDate "2009.05.06"]
[EventType "swiss"]
[EventRounds "7"]
[EventCountry "ITA"]
[SourceTitle "EXT 2011"]
[Source "ChessBase"]
[SourceDate "2010.11.26"]
[SourceVersion "1"]
[SourceVersionDate "2010.11.26"]
[SourceQuality "1"]

1. e4 c6 2. Nf3 d5 3. e5 Na6 4. d4 Bf5 5. Bd3 Bxd3 6. Qxd3 e6 7. 0-0 c5 8. c3 Ne7 9. Bg5 Qb6 10. Qc2 Nc6 11. a3 Be7 12. Be3 h6 13. dxc5 Nxc5 14. b4 Qb5 15. Bxc5 Bxc5 16. bxc5 Qxc5 17. Nbd2 0-0 18. Rfc1 Rac8 19. Nb3 Qc4 20. Nbd4 Na5 21. Rab1 b6 22. Nb5 Nc6 23. Nd6 Qf4 24. Nxc8 Rxc8 25. Qe2 Ne7 26. Qd3 Nf5 27. Rc2 g5 28. Rb4 d4 29. cxd4 Rxc2 30. Qxc2 g4 31. d5 Ne3 32. Rxf4 Nxc2 33. Rxg4+ Kf8 34. d6 Nxa3 35. Ra4 Nb5 36. Nd4 Nxd4 37. Rxd4 Ke8 38. f4 Kd7 39. Rc4 a5 40. Kf1 b5 41. Rc7+ Kd8 42. Ke1 Ke8 43. Kd2 b4 44. Ra7 b3 45. Kc3 f6 46. Kxb3 f5 1-0

[Event "Rome FIDE op 9th"]
[Site "Rome"]
[Date "2009.05.15"]
[Round "1"]
[White "Granitto, Francesco"]
[Black "Simeone, Giulio"]
[Result "0-1"]
[WhiteElo "1416"]
[BlackElo "1970"]
[PlyCount "104"]
[EventDate "2009.05.15"]
[EventType "swiss"]
[EventRounds "5"]
[EventCountry "ITA"]
[SourceTitle "EXT 2011"]
[Source "ChessBase"]
[SourceDate "2010.11.26"]
[SourceVersion "1"]
[SourceVersionDate "2010.11.26"]
[SourceQuality "1"]

1. e4 c6 2. Nf3 d5 3. e5 Bf5 4. d4 e6 5. Bd3 Ne7 6. Bg5 Qb6 7. Bc1 Nd7 8. 0-0 c5 9. c3 c4 10. Bc2 Bxc2 11. Qxc2 Nf5 12. b3 Rc8 13. Bb2 Be7 14. Nbd2 cxb3 15. Nxb3 0-0 16. Qd2 Qa6 17. Nc1 Nb6 18. Rb1 Nc4 19. Qd3 Bd8 20. Nd2 Bb6 21. Nxc4 Qxc4 22. Qxc4 Rxc4 23. Ne2 Ra4 24. Ra1 Rc8 25. Rfd1 Ne7 26. Rd3 Nc6 27. a3 Na5 28. Rb1 Nc4 29. Bc1 Kf8 30. Rb4 Ra6 31. Rb3 Ke8 32. g4 Kd7 33. Kg2 Kc6 34. f4 Bd8 35. Kg3 Be7 36. f5 Bxa3 37. Bg5 h6 38. Be3 Rb6 39. Rxb6+ Kxb6 40. fxe6 fxe6 41. Nf4 Nxe3 42. Rxe3 Bc1 43. Rf3 Bxf4+ 44. Kxf4 Rf8+ 45. Ke3 Rxf3+ 46. Kxf3 Kb5 47. Ke3 Kc4 48. Kd2 Kb3 49. Kd3 b5 50. h4 a5 51. g5 a4 52. gxh6 gxh6 0-1